- Iglesia y Estado
Entrada Tema o Materia
Número de registros utilizados en: 17
001 - NUMERO DE CONTROL
- Campo de control: 288
003 - IDENTIFICADOR DEL NUMERO DE CONTROL
- Campo de control: CO-MdFUSB
005 - HORA Y FECHA DE LA ULTIMA TRANSACCIÓN
- Campo de control: 20160805114623.0
008 - CAMPO DE LONGITUD FIJA
- Campo fijo de descripción fija: 901128dn anznnbabn||||||||| a ana d
040 ## -
- : CO-MdFUSB
- : CO-MdFUSB
150 ## - ENCABEZAMIENTO DE MATERIA-TEMA
- Téma o Materia: Iglesia y Estado
360 ## - REFERENCIA COMPLEJA DE "VÉASE ADEMÁS" - MATERIA
- Texto explicativo: Véase además subdividido por las distintas confesiones cristianas. Ej.:
- Encabezamiento hacia el que refiere el envío: Iglesia y Estado-Iglesia Católica
450 ## - REFERENCIA DE ENVIO “VEASE” - MATERIA
- Encabezamiento temático : Estado e Iglesia
450 ## - REFERENCIA DE ENVIO “VEASE” - MATERIA
- Encabezamiento temático : Relaciones Iglesia-Estado
450 ## - REFERENCIA DE ENVIO “VEASE” - MATERIA
- Encabezamiento temático : Relaciones Estado-Iglesia
450 ## - REFERENCIA DE ENVIO “VEASE” - MATERIA
- Encabezamiento temático : Separación de la Iglesia y del Estado
550 ## - REFERENCIA DE ENVIO "VEASE ADEMAS" - MATERIA
- Subcampo de control: h
- Encabezamiento temático o nombre geográfico como elemento de entrada: Anticlericalismo
550 ## - REFERENCIA DE ENVIO "VEASE ADEMAS" - MATERIA
- Subcampo de control: h
- Encabezamiento temático o nombre geográfico como elemento de entrada: Concordatos
550 ## - REFERENCIA DE ENVIO "VEASE ADEMAS" - MATERIA
- Encabezamiento temático o nombre geográfico como elemento de entrada: Libertad religiosa
550 ## - REFERENCIA DE ENVIO "VEASE ADEMAS" - MATERIA
- Subcampo de control: h
- Encabezamiento temático o nombre geográfico como elemento de entrada: Patronato eclesiástico
550 ## - REFERENCIA DE ENVIO "VEASE ADEMAS" - MATERIA
- Subcampo de control: h
- Encabezamiento temático o nombre geográfico como elemento de entrada: Desamortización
550 ## - REFERENCIA DE ENVIO "VEASE ADEMAS" - MATERIA
- Subcampo de control: h
- Encabezamiento temático o nombre geográfico como elemento de entrada: Papas
- Subdivisión General: Poder temporal
550 ## - REFERENCIA DE ENVIO "VEASE ADEMAS" - MATERIA
- Subcampo de control: h
- Encabezamiento temático o nombre geográfico como elemento de entrada: Patrimonio eclesiástico
670 ## - FUENTE EN LA QUE SE LOCALIZARON DATOS
- Cita de la fuente : LC auth. en línea (03/12/04)
- Información localizada : Church and state
670 ## - FUENTE EN LA QUE SE LOCALIZARON DATOS
- Cita de la fuente : BNF aut. en línea (03/12/04)
- Información localizada : Église et État
670 ## - FUENTE EN LA QUE SE LOCALIZARON DATOS
- Cita de la fuente : BNE aut. en línea (14/05/14)
750 #7 - ASIENTO LIGADO AL ENCABEZAMIENTO - TEMATICO
- Encabezamiento temático : Église et État
750 #7 - ASIENTO LIGADO AL ENCABEZAMIENTO - TEMATICO
- Encabezamiento temático : Church and state
